000 00498nam a2200181Ia 4500
003 GCL
008 140319s9999 xx 000 0 eng d
040 _aGCL /
_cGCL
082 0 4 _a333.7
_bC U
100 1 _aCUNNINGHAM,WILLIAN P
245 1 0 _aUNDERSTAMDING QUR ENRIRONMENT: AN INTRODUCTION /
_cCUNNINGHAM,WILLIAN P
260 _a[S.N] :
_bWM. C. BROWN PUBLISHERS ،
_c1994
300 _a389 P
650 0 4 _aENVIRONMENT
650 0 4 _aECOLOGY
650 0 4 _aNATURE AND NUTURE
942 _2ddc
_cBK
999 _c12284
_d12284